LEADER 01349nam a2200289 a 4500 001 000000144230 003 CaOOAMICUS 005 20150622111208.0 008 150622s2004 it u000 u ita r 020 $a88-8243-103-7 040 $aPUL$bita 245 02$aL'amore č il distintivo :$bPina Suriano, la sua cittą e il suo tempo /$ca cura di Massimo Naro. 260 $aSan Cataldo (Caltanissetta) :$bCentro Studi Cammarata ;$aCaltanissetta :$bEdizioni Lussografica,$c2004. 300 $a121 p. ;$c21 cm 490 1 $aSintesi e proposte ;$v33 504 $aBibliografia in nota. 600 14$aSuriano, Pina,$d1915-1950.$0(OLS)http://pul/subject/41869 700 1 $aNaro, Massimo.$0(OLS)http://pul/name/31504 830 0$aSintesi e proposte ;$v33.$0(OLS)http://pul/title/57958 850 $aPUL 852 $aPUL$W1$xDP1 Fondo S. Lanza$y121$m3 D 73$j166294$qFondi$B166877$CPULBib$Z2$F166877 $HLan1514 $82 941 1 $a1 996 $6020$a88-8243-103-7$9(OLS)http://pul/number/157991 996 $6245$aL'amore č il distintivo :$bPina Suriano, la sua cittą e il suo tempo$9(OLS)http://pul/title/182491 996 $6260$aSan Cataldo (Caltanissetta) :$bCentro Studi Cammarata$9(OLS)http://pul/publisher/65091 996 $6260$aCaltanissetta :$bEdizioni Lussografica$9(OLS)http://pul/publisher/81340 LEADER 01393nam a2200313 a 4500 001 000000145832 003 CaOOAMICUS 005 20150918110956.0 008 150918s2001 ii u000 u eng r 020 $z8185574448* 040 $aPUL$bita 082 04$a126 100 1 $aKakkattuthadathil, Tomy Paul.$0(OLS)http://pul/name/93345 245 10$aOtherness and being oneself :$bthinking with Martin Buber on intersubjectivity and personal identity /$cTomy Paul Kakkattuthadathil. 260 $aNew Delhi :$bIntercultural Publications,$c2001. 300 $axxx, 464 p. ;$c22 cm 500 $aContiene indici. 504 $a"Bibliography": p. [416]-439. 600 14$aBuber, Martin,$d1878-1965$xFilosofia.$0(OLS)http://pul/subject/7733 650 4$aAlteritą.$0(OLS)http://pul/subject/38267 850 $aPUL 852 $aPUL$W1$xDP2 Filosofia 3$y112$m126 KAKTO 1$j168706$qDDC 21$B169344$CPULBib$Z2$F169344 $H126229 $82 941 1 $a9 961 $aDedica autografa dell'autore 996 $6020$z8185574448*$9(OLS)http://pul/number/158655 996 $6082$a126$9(OLS)http://pul/classification/1787 996 $6245$aOtherness and being oneself :$bthinking with Martin Buber on intersubjectivity and personal identity$9(OLS)http://pul/title/184401 996 $6260$aNew Delhi :$bIntercultural Publications$9(OLS)http://pul/publisher/67541